[Event "US Open-120"]
[Site "Orlando"]
[Date "2019.08.03"]
[Round "1"]
[White "Friedman, Josef"]
[Black "Steiner, Adamson"]
[Result "1-0"]
[WhiteElo "2072"]
[BlackElo "1561"]
[PlyCount "76"]
[EventDate "2019.08.03"]
[EventType "swiss"]
[EventRounds "9"]
[EventCountry "USA"]
[SourceTitle "CBM 191 Extra"]
[Source "ChessBase"]
[SourceDate "2019.09.30"]
[SourceVersion "1"]
[SourceVersionDate "2019.09.30"]
[SourceQuality "1"]

1. d4 d5 2. c4 e6 3. Nf3 c5 4. cxd5 exd5 5. Nc3 Nc6 6. g3 c4 7. Bg2 Bb4 8. 0-0 Nge7 9. Bf4 0-0 10. Ne5 Be6 11. Qa4 Ba5 12. Rad1 Bb6 13. Nxc6 Nxc6 14. Be3 a6 15. Qc2 Ba7 16. f3 b5 17. Kh1 b4 18. Na4 Qd7 19. Bg1 Rad8 20. e3 Rfe8 21. g4 Na5 22. Nc5 Bxc5 23. dxc5 b3 24. Qc3 Qb5 25. Ra1 Qxc5 26. axb3 Nxb3 27. Rxa6 Ra8 28. Rxa8 Rxa8 29. Rd1 Qa5 30. Qe5 Nc5 31. Bf1 f6 32. Qd6 Rd8 33. Qg3 Qb6 34. e4 Qc6 35. g5 f5 36. exf5 Bxf5 37. Qe5 Bd3 38. Bd4 Rd7 1-0

[Event "Pan American-ch U12"]
[Site "Guayaquil"]
[Date "2019.07.27"]
[Round "9"]
[White "Arias Diaz, Miguel Angel"]
[Black "Steiner, Adamson"]
[Result "0-1"]
[WhiteElo "1631"]
[BlackElo "1556"]
[PlyCount "102"]
[EventDate "2019.07.21"]
[EventType "swiss"]
[EventRounds "9"]
[EventCountry "ECU"]
[SourceTitle "EXT 2020"]
[Source "ChessBase"]
[SourceDate "2019.10.17"]
[SourceVersion "1"]
[SourceVersionDate "2019.10.17"]
[SourceQuality "1"]

1. d4 d5 2. Nf3 Nf6 3. c4 e6 4. g3 c5 5. cxd5 exd5 6. Bg2 h6 7. 0-0 Nc6 8. Nc3 Bd6 9. b3 cxd4 10. Nxd4 Be5 11. e3 Bg4 12. Qd2 0-0 13. Bb2 Bxd4 14. exd4 Qd7 15. Rac1 Bh3 16. Rfe1 Bxg2 17. Kxg2 Rfe8 18. f3 Rxe1 19. Rxe1 Re8 20. Na4 Rxe1 21. Qxe1 b6 22. Bc3 Qd6 23. b4 Qe7 24. Qxe7 Nxe7 25. Kf2 Nf5 26. Nb2 Nd6 27. Nd3 Nde4+ 28. fxe4 Nxe4+ 29. Ke3 Nxc3 30. Kd2 Ne4+ 31. Ke3 g5 32. Ne5 Kf8 33. Nc6 a6 34. Nb8 Ke7 35. Nxa6 Kd6 36. a4 Kc6 37. b5+ Kd6 38. Nb4 f5 39. Nd3 Nc3 40. Kd2 Nb1+ 41. Ke2 Nc3+ 42. Kd2 Nb1+ 43. Kc1 Na3 44. Ne5 Ke6 45. Nd3 Nc4 46. Nb2 f4 47. Nd3 Kf5 48. Kc2 Ke4 49. Kc3 f3 50. Nf2+ Ke3 51. Ng4+ Ke2 0-1